LIBRARY ONLINE CATALOGUE

Halley's Bible handbook / (Record no. 20835)

MARC details
000 -LEADER
fixed length control field 01993cmm a22004097a 4500
001 - CONTROL NUMBER
control field 12761340
003 - CONTROL NUMBER IDENTIFIER
control field OSt
005 - DATE AND TIME OF LATEST TRANSACTION
control field 20251201154150.0
007 - PHYSICAL DESCRIPTION FIXED FIELD--GENERAL INFORMATION
fixed length control field co |||||||||||
008 - FIXED-LENGTH DATA ELEMENTS--GENERAL INFORMATION
fixed length control field 020501s2001 miu u eng d
010 ## - LIBRARY OF CONGRESS CONTROL NUMBER
LC control number 2002564080
020 ## - INTERNATIONAL STANDARD BOOK NUMBER
International Standard Book Number 0310236401
020 ## - INTERNATIONAL STANDARD BOOK NUMBER
International Standard Book Number 9780310236405
024 3# - OTHER STANDARD IDENTIFIER
Standard number or code 9780310236405
035 ## - SYSTEM CONTROL NUMBER
System control number 12761340
035 ## - SYSTEM CONTROL NUMBER
System control number (OCoLC)49264804
040 ## - CATALOGING SOURCE
Original cataloging agency LE#
Transcribing agency LE#
Modifying agency OCLCQ
-- DLC
042 ## - AUTHENTICATION CODE
Authentication code lccopycat
050 00 - LIBRARY OF CONGRESS CALL NUMBER
Classification number BS491.2
Item number .H355 2000
100 1# - MAIN ENTRY--PERSONAL NAME
Personal name Halley, Henry Hampton,
Dates associated with a name 1874-1965.
245 10 - TITLE STATEMENT
Title Halley's Bible handbook /
Statement of responsibility, etc. Henry H. Halley
260 ## - PUBLICATION, DISTRIBUTION, ETC. (IMPRINT)
Place of publication, distribution, etc. Grand Rapids, Mich. :
Name of publisher, distributor, etc. Zondervan Interactive,
Date of publication, distribution, etc. c2001.
300 ## - PHYSICAL DESCRIPTION
Extent 1 computer optical disc :
Other physical details sd., col. ;
Dimensions 4 3/4 in.
500 ## - GENERAL NOTE
General note Title from disc surface.
500 ## - GENERAL NOTE
General note Includes index.
500 ## - GENERAL NOTE
General note Production level cataloging.
Institution to which field applies DLC
505 0# - FORMATTED CONTENTS NOTE
Formatted contents note Halley's Bible Handbook -- New International Version Bible -- King James Version Bible.
520 ## - SUMMARY, ETC.
Summary, etc. Includes archaeological information, color maps, graphs and charts, and full-color in-text photographs. Links from table of contents and index to the desired location in the text. Has zoom capability, study tips, and links by verse reference or topic to the New International Version and the King James Version. Also links by topic from the two versions to Halley's.
538 ## - SYSTEM DETAILS NOTE
System details note System requirements: 166MHz or higher Pentium processor; 32MB of RAM; Windows 95/98/2000/ME or Windows NT; 14MB free hard disk space; CD-ROM drive; VGA or higher resolution monitor.
630 00 - SUBJECT ADDED ENTRY--UNIFORM TITLE
Uniform title Bible
Form subdivision Commentaries.
655 #7 - INDEX TERM--GENRE/FORM
Genre/form data or focus term Commentaries.
Source of term lcgft
Authority record control number https://id.loc.gov/authorities/genreForms/gf2025026014
856 42 - ELECTRONIC LOCATION AND ACCESS
Materials specified Publisher description
Uniform Resource Identifier <a href="http://www.loc.gov/catdir/enhancements/fy0633/2002564080-d.html">http://www.loc.gov/catdir/enhancements/fy0633/2002564080-d.html</a>
906 ## - LOCAL DATA ELEMENT F, LDF (RLIN)
a 7
b cbc
c copycat
d 4
e ncip
f 20
g y-gencompf
942 ## - ADDED ENTRY ELEMENTS (KOHA)
Source of classification or shelving scheme Library of Congress Classification
Koha item type General Collection
Holdings
Withdrawn status Lost status Source of classification or shelving scheme Not for loan Home library Current library Shelving location Date acquired Source of acquisition Inventory number Total Checkouts Full call number Barcode Date last seen Copy number Price effective from Koha item type
    Library of Congress Classification   Kabarak, Main Campus Kabarak, Main Campus General Stacks 01/12/2025 Donation 2025/2453   BS491.2 .H355 2000 C.1 38888 01/12/2025 C.1 01/12/2025 General Collection